Match the Music Genre to the Country - Statistics

General Stats
  • This quiz has been taken 61 times
  • The average score is 13 of 20
Answer Stats
Hint Answer % Correct
Reggae, mento Jamaica
91%
Samba Brazil
87%
Mariachi Mexico
87%
Flamenco Spain
85%
Mambo, rumba Cuba
78%
Tango Argentina
76%
Chanson France
72%
Krautrock Germany
69%
Fado Portugal
67%
Gamelan, kroncong Indonesia
65%
Polka Czechia
61%
Gagaku Japan
59%
Raga, bhangra India
56%
Grime United Kingdom
54%
Merengue Dominican Republic
52%
Calypso Trinidad and Tobago
48%
Crunk, zydeco United States
44%
Turbo-folk Serbia
39%
Kwaito South Africa
37%
Laiko, rebetiko Greece
28%
No matching quizzes found
Score Distribution
Percent of People with Each Score
Percentile by Number Answered
Your Score History
You have not taken this quiz